Las ciencias de lo artificial / (Record no. 144634)

MARC details
000 -LEADER
campo de control de longitud fija 00555nam a2200181 4500
001 - NÚMERO DE CONTROL
campo de control 144634
003 - IDENTIFICADOR DE NÚMERO DE CONTROL
campo de control ES-MaACL
005 - FECHA Y HORA DE LA ÚLTIMA TRANSACCIÓN
campo de control 20230906201049.0
007 - CAMPO FIJO DE DESCRIPCIÓN FÍSICA--INFORMACIÓN GENERAL
campo de control de longitud fija t|
008 - DATOS DE LONGITUD FIJA--INFORMACIÓN GENERAL
campo de control de longitud fija 070214s1973 sp r ||||1| spa d
100 1# - ENTRADA PRINCIPAL--NOMBRE DE PERSONA
Nombre de persona Simon, Herbert Alexander.
9 (RLIN) 106512
245 14 - MENCIÓN DEL TÍTULO
Título Las ciencias de lo artificial /
Mención de responsabilidad, etc. Herbert A. Simon ; traducción de Roser Berdagué.
260 ## - PUBLICACIÓN, DISTRIBUCIÓN, ETC.
Lugar de publicación, distribución, etc. Barcelona :
Nombre del editor, distribuidor, etc. A.T.E.,
Fecha de publicación, distribución, etc. 1973.
300 ## - DESCRIPCIÓN FÍSICA
Extensión 169 p. ;
Dimensiones 20 cm.
650 ## - PUNTO DE ACCESO ADICIONAL DE MATERIA--TÉRMINO DE MATERIA
Término de materia o nombre geográfico como elemento de entrada Ciencia-
Subdivisión general Filosofía.
9 (RLIN) 10950
700 1# - ENTRADA AGREGADA--NOMBRE PERSONAL
Nombre de persona Berdagué, Roser.
9 (RLIN) 27859
852 ## - LOCALIZACIÓN
Ubicación ES-MaACL
Número de control de estantería C-55509
Sublocalización o colección R.88019
Holdings
Estatus retirado Estado de pérdida Estado de daño No para préstamo Biblioteca de origen Biblioteca actual Ubicación en estantería Fecha de adquisición Fuente de adquisición Total de préstamos Signatura topográfica completa Código de barras Visto por última vez Precio de reemplazo Tipo de ítem Koha
        Biblioteca del Ateneo de Madrid Biblioteca del Ateneo de Madrid Depósito 2 17/01/2008     C-55509 1150724 23/02/2023 23/02/2023 Libro impreso